000 00394cam a22001097a 4500
008 180718b1985 xxu||||| |||| 00| 0 eng d
082 _aT112x5414 Or3/1970-83
245 _aReport on state income estimation for 1970-71 to 1982-83
_cby Bureau of Statistics and Economics
260 _aBhubaneswar
_bGovernment of Orssia
_c1985
300 _a40p
700 _aOrissa. Bureau of Statistics and Economics
999 _c496824
_d496824